00907 2200325 4500001002100000005001500021035002000036007000300056040001700059100003200076245008300108250001000191300003300201504002500234020001800259041000800277082001000285084001600295090001900311264003800330336002100368337003000389338002300419650002300442850001000465008004100475700002900516990001800545990001800563INLIS00000000000943720260420022423 a0010-1222000042ta aSBPUPADbind0 aMuhammad Rasyaf:ePengarang1 aEnam Kunci Sukses Beternak Ayam Kampung /cMuhammad Rasyaf:Editor:Sony Nugroho aCet.2 aiv 68 hlm. :bilus. ;c23 cm abibiliografi, hlm 67 a979-002-597-10 aind a636.5 a636.5 MUH e a746 MIL s 22-9 aJakarta :bPenebar Swadaya,c2014 2rdacontentateks 2rdamediaatanpa perantara 2rdacarrieravolume 4aTeknologi terampil aPUPAD260420 0  aSony Nugroho:ePengarang a22.914/KAPD/B a22.915/KAPD/B